000 00759nam a2200253Ia 4500
003 OSt
005 20221005030457.0
006 a|||||r|||| 00| 0
007 ta
008 221004b |||||||| |||| 00| 0 eng d
020 _a0521818168 (hbk)
_c4594.80
024 _a119492
037 _b34505, 30/03/2012, Segment Book Distributors
_cTextual
040 _aCRL
_cCRL
_beng
041 _2eng
_aeng
082 _aR1z7, P3
100 _aLambert Karel
245 0 _aFree logic
_b Selected essays
260 _aCambridge
_bCambridge University Press UK
_c2003
300 _axii, 191p.
_ccm.
650 _aPHILOSOPHY
942 _hR1z7, P3
_cTEXL
_2cc
999 _c936296
_d936296